О деятельности греческого консула в Буэнос-Айресе по продаже паспортов - Варатасси

Доступно только в Электронных читальных залах Найти на картеНа карте
RUSMARC
00003721nac2a22002771x 450
001fea4836e-f1ed-4e86-9713-098ff30861b7
00520140403161443.0
100##$a20140321u k y0rusy50 ca
1010#$arus
102##$aRU
105##$ay z |||||
1220#$ad19141231
2001#$aО деятельности греческого консула в Буэнос-Айресе по продаже паспортов - Варатасси
$j1914
215##$a76 листов
251##$cДело
300##$aНа обложке также старый номер дела: 8 ч. 177
300##$aРукописный и машинописный текст
461#0$10019437218a-5c35-4c92-b6d5-a02c81f9be70
$12001
$aДепартамент полиции Министерства внутренних дел
$1251
$cФонд
$1852
$j102
462#0$10017e744452-539e-4a36-a17d-b594e2bec380
$12001
$a2-е делопроизводство. 1914 г. (заказ по делопроизводственным номерам дел)
$1251
$cОпись
$1852
$j71
517##$aО деятельности греческого консула в Буэнос-Айресе по продаже паспортов - Варатасси. Дело 8 ч. 177
600#1$aВаратасси
60101$3RU\NLR\AUTH\889931910
$aРоссия
$bДепартамент полиции
60102$aГреческое консульство (Буэнос-Айрес)
801#0$aRU
$bGA_RF
801#1$aRU
$bНПО Опыт
$c20140321
$2rusmarc
801#2$aRU
$bПБ им. Б.Н. Ельцина
$c20140403
$gRCR
$2rusmarc
852##$aГА РФ
$j614
937##$d44926243
$hПБ
035##$aRuPRLIB51012572
Формат отображения